[Event "Lichtenrader Herbst 2019"]
[Site "Berlin"]
[Date "2019.10.17"]
[Round "6.3"]
[White "Kovalev, Andrei"]
[Black "Wierzbicki, Jirawat"]
[Result "1-0"]
[WhiteElo "2511"]
[BlackElo "2114"]
[Annotator "ChessBase"]
[PlyCount "65"]
[EventDate "2019.10.12"]
[EventType "swiss"]
[EventCountry "GER"]
[SourceTitle "playchess.com"]
[Source "ChessBase"]
[SourceQuality "1"]
[TimeControl "40/5400+30:1800+30"]

1. e4 {[%emt 0:00:00]} e5 {[%emt 0:00:00]} 2. Nf3 {[%emt 0:00:00]} Nc6 {[%emt 0:00:00]} 3. Bb5 {[%emt 0:00:00]} a6 {[%emt 0:00:00]} 4. Ba4 {[%emt 0:00:00]} Nf6 {[%emt 0:00:00]} 5. O-O {[%emt 0:00:00]} Be7 {[%emt 0:00:01]} 6. Re1 {[%emt 0:00:04]} b5 {[%emt 0:00:04]} 7. Bb3 {[%emt 0:00:04]} d6 {[%emt 0:00:05]} 8. c3 {[%emt 0:00:07]} O-O {[%emt 0:00:10]} 9. h3 {[%emt 0:00:14]} Na5 {[%emt 0:00:05]} 10. Bc2 {[%emt 0:00:04]} c5 {[%emt 0:00:06]} 11. d4 {[%emt 0:00:03]} Nd7 {[%emt 0:00:17]} 12. d5 {[%emt 0:00:08]} Nb6 {[%emt 0:04:30]} 13. Nbd2 {[%emt 0:00:11]} f5 {[%emt 0:01:34]} 14. exf5 {[%emt 0:00:05]} Bxf5 {[%emt 0:00:41]} 15. Bxf5 {[%emt 0:00:05]} Rxf5 {[%emt 0:00:06]} 16. Ne4 {[%emt 0:00:06]} Qd7 {[%emt 0:08:10]} 17. b3 {[%emt 0:02:38]} Qb7 {[%emt 0:07:53]} 18. c4 {[%emt 0:00:47]} Qd7 {[%emt 0:05:14]} 19. Bd2 {[%emt 0:02:45]} Nb7 {[%emt 0:01:53]} 20. Qe2 {[%emt 0:05:56]} Rff8 {[%emt 0:05:51]} 21. Nfg5 {[%emt 0:09:58]} Bxg5 {[%emt 0:06:31]} 22. Nxg5 {[%emt 0:05:05]} h6 {[%emt 0:01:05]} 23. Ne6 {[%emt 0:05:16]} Rf6 {[%emt 0:05:09]} 24. a4 {[%emt 0:14:29]} b4 {[%emt 0:05:34]} 25. a5 {[%emt 0:00:29]} Nc8 {[%emt 0:00:21]} 26. f4 {[%emt 0:00:09]} exf4 {[%emt 0:02:48]} 27. Nxf4 {[%emt 0:04:42]} Rf8 {[%emt 0:07:21]} 28. Ne6 {[%emt 0:03:18]} Re8 {[%emt 0:10:22]} 29. Qg4 {[%emt 0:11:50]} Kh8 {[%emt 0:03:36]} 30. Ng5 {[%emt 0:01:13]} Nb6 {[%emt 0:01:11]} 31. Ne6 {[%emt 0:04:07]} Nc8 {[%emt 0:01:16]} 32. Qg6 {[%emt 0:01:40]} Na7 {[%emt 0:02:51]} 33. Rf1 {[%emt 0:00:50]} 1-0

[Event "Lichtenrader Herbst 2019"]
[Site "Berlin"]
[Date "2019.10.17"]
[Round "6.4"]
[White "Noetzel, Felix"]
[Black "Tschernatsch, Johannes"]
[Result "1-0"]
[WhiteElo "2233"]
[BlackElo "2132"]
[Annotator "TA"]
[PlyCount "91"]
[EventDate "2019.10.12"]
[EventType "swiss"]
[EventCountry "GER"]
[SourceTitle "playchess.com"]
[Source "ChessBase"]
[SourceQuality "1"]

{[%evp 27,91,21,27,38,51,35,21,30,116,112,99,65,88,62,161,6,79,66,83,72,118,117,131,53,64,67,69,58,99,98,81,83,159,173,163,112,169,159,157,133,177,119,187,165,140,129,120,96,112,96,77,97,81,25,491,468,450,423,1172,943,2069,2024,6111,2142,29973,6621]} 1. e4 c5 2. Nf3 d6 3. d4 cxd4 4. Nxd4 Nf6 5. Nc3 a6 6. Be3 e5 7. Nb3 Be6 8. f3 Nbd7 9. Qd2 Be7 10. O-O-O O-O 11. g4 b5 12. g5 b4 13. Ne2 Ne8 14. f4 a5 {[%cal Ba6a5,Ba5a4][%mdl 32]} 15. f5 {B90: Sicilian Najdorf: Unusual White 6th moves, 6 Be3 Ng4 and 6 Be3 e5} a4 16. Nbd4 $1 {[%cal Rd4c6] And now Nc6 would win.} (16. fxe6 axb3 17. exf7+ Rxf7 18. Kb1 bxc2+ 19. Qxc2 Bxg5 20. Bxg5 Qxg5 21. Ng3 Kh8 22. Bc4 Rf8 {1-0 (40) Duda,J (2678)-Wojtaszek,R (2746) Germany 2017}) 16... exd4 17. Nxd4 {[#]The position is equal.} Bxa2 (17... b3 $1 $11 18. Kb1 (18. axb3 axb3) 18... bxc2+ 19. Nxc2 Bb3 $1 {[%mdl 512]}) 18. Nc6 $16 {[%mdl 64] Double Attack} Qc7 19. Nxe7+ Kh8 {Threatens to win with ...a3.} 20. Qxb4 Rb8 ({Black should try} 20... Nc5 $14 21. Nd5 Bxd5 22. exd5 (22. Rxd5 Rc8 $16) 22... a3 23. bxa3 Ra4) 21. Qc3 $146 (21. Qxa4 $18 Bb3 22. Qc6) ({Predecessor:} 21. Qa3 Bb3 22. Rd2 Nc5 23. Bxc5 Qxe7 24. cxb3 dxc5 25. Qxa4 Nd6 26. Bg2 Nb5 27. Rd3 Nd4 28. Kd2 Qxg5+ {0-1 (28) Bahl,F (1848)-Skuhala,J (1773) Mureck 2011}) 21... Qxc3 (21... a3 $1 $11 22. Qxa3 Bb3) 22. bxc3 Ne5 {( -> ...Nf3)} 23. Kd2 f6 24. Ra1 Rb2 {[#] Threatening ...Bb3.} 25. Nd5 (25. Kc1 $1 $16 {[%cal Rc1b2]} a3 26. Nd5) 25... Bxd5 $1 $14 26. exd5 fxg5 27. Rxa4 Nf6 28. Bg2 h6 29. Rha1 g4 ({Better is} 29... Nfd7) 30. Bd4 $16 Nfd7 31. Ra8 (31. Rb4 $18 Rxb4 32. cxb4) 31... Rbb8 (31... Kg8 $16 {was necessary.} 32. Be4 Rbb8 33. Rxb8 Rxb8) 32. Rxb8 $18 Rxb8 33. Ra6 Rf8 34. Kc1 ({White should play} 34. h3 $18) 34... Rf6 (34... Nf7 $16 35. c4 h5) 35. Be4 h5 36. Ra8+ Kh7 37. Re8 h4 38. c4 Nxc4 39. Bxf6 Nxf6 40. Re6 (40. Re7 $16) 40... Nxe4 $2 {[%mdl 8192]} (40... Kh6 $11) 41. Rxe4 $11 {[%mdl 64] Double Attack. KR-KN} Ne5 42. Kd2 Nf3+ (42... g5 $142 43. Rxe5 {[%mdl 64] Promotion} dxe5) 43. Ke2 $18 Nxh2 44. c4 h3 {[#]} 45. Kf2 (45. c5 $142 $1 {[%mdl 512]} Nf3 (45... dxc5 46. d6) 46. Kf2) 45... Kh6 {[#]} 46. c5 $1 {[%mdl 512] Accuracy: White = 49%, Black = 25%.} 1-0

[Event "Lichtenrader Herbst 2019"]
[Site "Berlin"]
[Date "2019.10.17"]
[Round "6.5"]
[White "Postler, Reinhard"]
[Black "Daverkausen, Bernd"]
[Result "1/2-1/2"]
[WhiteElo "2240"]
[BlackElo "2122"]
[Annotator "NA"]
[PlyCount "57"]
[EventDate "2019.10.12"]
[EventType "swiss"]
[EventCountry "GER"]
[SourceTitle "playchess.com"]
[Source "ChessBase"]
[SourceQuality "1"]
[TimeControl "40/5400+30:1800+30"]

1. e4 {[%emt 0:00:00]} c5 {[%emt 0:00:00]} 2. Nf3 {[%emt 0:00:00]} Nc6 {[%emt 0:00:00]} 3. d4 {[%emt 0:00:00]} cxd4 {[%emt 0:00:02]} 4. Nxd4 {[%emt 0:00:00]} e5 {[%emt 0:00:15]} 5. Nb5 {[%emt 0:00:15]} d6 {[%emt 0:00:10]} 6. c4 {[%emt 0:02:07]} Be7 {[%emt 0:00:27]} 7. N1c3 {[%emt 0:00:58]} a6 {[%emt 0:00:17]} 8. Na3 {[%emt 0:00:19]} f5 {[%emt 0:00:22]} 9. exf5 {[%emt 0:01:04]} Bxf5 {[%emt 0:00:31]} 10. Bd3 {[%emt 0:00:22]} Be6 {[%emt 0:00:20]} 11. Nc2 {[%emt 0:13:41]} Nf6 {[%emt 0:00:56]} 12. Ne3 {[%emt 0:01:11]} O-O {[%emt 0:04:52]} 13. O-O {[%emt 0:14:33]} Qd7 {[%emt 0:03:11]} 14. Ned5 {[%emt 0:14:06]} Rae8 {[%emt 0:06:08]} 15. Be3 {[%emt 0:05:16]} Bd8 {[%emt 0:05:24]} 16. f3 {[%emt 0:01:37]} Nd4 {[%emt 0:08:13]} 17. Qd2 {[%emt 0:09:31]} Qf7 {[%emt 0:10:37]} 18. Be4 {[%emt 0:03:36]} Nf5 {[%emt 0:06:14]} 19. Bf2 {[%emt 0:00:35]} Kh8 {[%emt 0:11:46]} 20. b3 {[%emt 0:00:50]} Nxe4 {[%emt 0:05:51]} 21. Nxe4 {[%emt 0:05:20]} Bxd5 {[%emt 0:00:41]} 22. cxd5 {[%emt 0:00:44]} Qd7 {[%emt 0:05:01]} 23. a4 {[%emt 0:03:25]} Be7 {[%emt 0:05:47]} 24. Rac1 {[%emt 0:01:59]} Rc8 {[%emt 0:02:16]} 25. Qb4 {[%emt 0:03:31]} Kg8 {[%emt 0:02:53]} 26. Qb6 {[%emt 0:04:06]} Bd8 {[%emt 0:03:08]} 27. Qb4 {[%emt 0:00:18]} Be7 {[%emt 0:00:35]} 28. Qb6 {[%emt 0:00:21]} Bd8 {[%emt 0:00:07]} 29. Qb4 {[%emt 0:00:27]} 1/2-1/2

[Event "Lichtenrader Herbst 2019"]
[Site "Berlin"]
[Date "2019.10.17"]
[Round "6.6"]
[White "Matthes, Aaron"]
[Black "Katzir, Moshe"]
[Result "1-0"]
[WhiteElo "1995"]
[BlackElo "2125"]
[Annotator "NA"]
[PlyCount "66"]
[EventDate "2019.10.12"]
[EventType "swiss"]
[EventCountry "GER"]
[SourceTitle "playchess.com"]
[Source "ChessBase"]
[SourceQuality "1"]
[TimeControl "40/5400+30:1800+30"]

1. d4 {[%emt 0:00:00]} d5 {[%emt 0:00:00]} 2. c4 {[%emt 0:00:00]} e6 {[%emt 0:00:44]} 3. cxd5 {[%emt 0:00:00]} exd5 {[%emt 0:00:24]} 4. Nc3 {[%emt 0:00:00]} c6 {[%emt 0:00:20]} 5. Qc2 {[%emt 0:00:17]} Bd6 {[%emt 0:02:14]} 6. Nf3 {[%emt 0:00:57]} Ne7 {[%emt 0:00:33]} 7. e4 {[%emt 0:02:56]} dxe4 {[%emt 0:01:06]} 8. Nxe4 {[%emt 0:00:11]} Bb4+ {[%emt 0:02:31]} 9. Bd2 {[%emt 0:00:35]} Bxd2+ {[%emt 0:06:25]} 10. Qxd2 {[%emt 0:00:48]} Bf5 {[%emt 0:10:32]} 11. Bd3 {[%emt 0:03:41]} Qd5 {[%emt 0:11:50]} 12. O-O {[%emt 0:19:20]} O-O {[%emt 0:04:47]} 13. Rfe1 {[%emt 0:03:42]} Ng6 {[%emt 0:07:58]} 14. Qb4 {[%emt 0:09:54]} b5 {[%emt 0:18:45]} 15. Rac1 {[%emt 0:15:27]} Nf4 {[%emt 0:09:47]} 16. Bb1 {[%emt 0:07:02]} Bg4 {[%emt 0:04:44]} 17. Neg5 {[%emt 0:04:07]} Na6 {[%emt 0:02:54]} 18. Qd2 {[%emt 0:02:19]} Ng6 {[%emt 0:03:43]} 19. Be4 {[%emt 0:00:34]} Qd8 {[%emt 0:00:24]} 20. Rxc6 {[%emt 0:02:43]} Nc7 {[%emt 0:01:03]} 21. Qc2 {[%emt 0:05:52]} Nd5 {[%emt 0:02:53]} 22. h3 {[%emt 0:02:01]} Bxf3 {[%emt 0:01:18]} 23. Nxf3 {[%emt 0:00:04]} Nb4 {[%emt 0:00:07]} 24. Qc5 {[%emt 0:00:45]} Nxc6 {[%emt 0:00:14]} 25. Bxc6 {[%emt 0:00:11]} Rc8 {[%emt 0:01:20]} 26. Qxb5 {[%emt 0:00:54]} Rb8 {[%emt 0:00:29]} 27. Qc5 {[%emt 0:01:43]} Rxb2 {[%emt 0:01:16]} 28. Qxa7 {[%emt 0:00:33]} Qf6 {[%emt 0:00:33]} 29. d5 {[%emt 0:00:30]} Nf4 {[%emt 0:00:28]} 30. Qa3 {[%emt 0:00:30]} Rfb8 {[%emt 0:03:02]} 31. Qe7 {[%emt 0:00:16]} Rb1 {[%emt 0:00:12]} 32. Qxf6 {[%emt 0:00:01]} Rxe1+ 33. Nxe1 gxf6 {[%emt 0:00:03]} 1-0

[Event "Lichtenrader Herbst 2019"]
[Site "Berlin"]
[Date "2019.10.17"]
[Round "6.7"]
[White "Holinka, Henning"]
[Black "Gebigke, Martin"]
[Result "1-0"]
[WhiteElo "2101"]
[BlackElo "2068"]
[Annotator "TA"]
[PlyCount "155"]
[EventDate "2019.10.12"]
[EventType "swiss"]
[EventCountry "GER"]
[SourceTitle "playchess.com"]
[Source "ChessBase"]
[SourceQuality "1"]

{[%evp 17,155,33,44,0,33,-119,-100,-103,-107,-115,16,-10,27,-142,-15,-154,-117,-124,-128,-131,-137,-144,-133,-160,-52,-247,-64,-103,-87,-74,-22,-60,-29,-19,0,0,17,-27,-34,-16,0,-1,0,0,0,0,0,0,20,0,0,0,0,0,210,198,232,162,158,67,65,0,0,0,0,0,0,0,0,0,17,23,35,9,24,10,37,30,143,143,143,143,143,128,128,128,129,135,160,128,128,104,106,0,141,0,161,55,55,51,93,52,121,112,128,129,125,76,148,148,148,93,2037,1524,755,217,382,381,2137,2052,1789,1626,1702,1358,11708,8584,5085,5064,29967,29968,29967,29967,29967,29967,29970,29971,29970,29972,29974,29973]} 1. e4 c5 2. Nf3 d6 3. d4 cxd4 4. Nxd4 Nf6 5. Nc3 a6 6. Bg5 e6 7. f4 Be7 8. Qe2 Nc6 9. O-O-O Qc7 10. g4 {B96: Sicilian Najdorf: 6 Bg5 e6 7 f4, lines other than 7...Qb6 and 7...Be7} (10. Nxc6 Qxc6 11. e5 dxe5 12. fxe5 Nd5 13. Bxe7 Nxe7 14. Qh5 O-O 15. Bd3 Ng6 16. Rhf1 Qc7 17. Rde1 Bd7 {½-½ (27) Asis Gargatagli,H (2505)-Iniyan,P (2392) Montcada 2017}) 10... O-O (10... Nxd4 {is interesting.} 11. Rxd4 h6 12. Bh4 e5 13. fxe5 dxe5 14. Rd3 Be6) 11. Bh4 $146 {[#]} (11. h4 $14 {keeps the upper hand.}) ({Predecessor:} 11. Bg2 Nxd4 12. Rxd4 e5 13. Rc4 Qd8 14. fxe5 dxe5 15. Rd1 Qa5 16. Bxf6 Bxf6 {½-½ (87) Acsinte,M (2122)-Ileana,G (2062) Calimanesti 2015}) 11... Nxe4 $1 $17 {[%mdl 512]} 12. Nxc6 {Black is better.} (12. Nxe4 Bxh4) 12... Bxh4 13. Nxe4 Qxc6 (13... bxc6 $17 14. g5 d5 {[%mdl 64] Discovered Attack}) 14. Rxd6 $11 Qa4 15. g5 $2 (15. Kb1 $11) 15... e5 (15... Qxa2 $17 16. Nc3 Qa1+ 17. Nb1 Qa4) 16. fxe5 (16. Qf3 $11 {remains equal.}) 16... Bf5 $36 {[%mdl 2048] Black is on the roll.} 17. Nc3 Qf4+ $1 18. Kb1 Rae8 (18... Qxg5 $6 19. Qf3 $11) 19. Bg2 Rxe5 20. Qf3 Qb4 (20... Bxg5 21. Qxf4 Bxf4 22. Rd4 $17) (20... Qxg5 $17 21. Qxb7 Be1) 21. Rhd1 $2 (21. Rd5 $15 Qe7 22. Qf4 Rxd5 23. Bxd5 Qxg5 24. Qxg5 Bxg5 25. Bxb7) 21... Bxg5 $2 (21... Bg4 $19 22. Qf1 Bxd1 23. Rxd1 Bxg5) 22. Qxb7 a5 23. R6d4 Qc5 (23... Qxb7 $17 24. Bxb7 g6) 24. Be4 Be6 (24... Bc8 $5 {[%cal Rc8b7]} 25. Qb3 h6 $11) 25. Bd5 Bxd5 26. Rxd5 Qe3 27. Rxe5 (27. a4 {looks sharper.} Qf3 28. Qb3 Rxd5 29. Rxd5 Bf6 30. Rxa5 Bxc3 31. Qxc3 Qxc3 32. bxc3 f5 33. Kc1) 27... Qxe5 28. Qd5 Re8 (28... Bf6 {with more complications.} 29. h3 g6 30. Qxe5 Bxe5 31. Na4 f5) 29. Qxe5 Rxe5 {[%mdl 4096] Endgame KRB-KRN} 30. Nd5 f5 31. c4 Kf7 32. c5 Re6 33. a3 a4 $1 34. Nb4 Be7 35. Rc1 {And now c6 would win.} Ke8 $2 (35... Bg5 $11 36. Rd1 Re7) 36. c6 $1 $18 {[%cal Rc6c7]} Kd8 37. Nd5 Kc8 38. Rc4 (38. c7 $1 $16) 38... Re5 $14 39. Nb6+ (39. Nxe7+ $14 Rxe7 40. Rxa4) 39... Kc7 $11 40. Na8+ Kc8 41. Nb6+ Kc7 42. Na8+ Kc8 43. Rxa4 Rc5 44. Nb6+ Kc7 45. Ra7+ Kxb6 46. Rxe7 {KR-KR} f4 47. Rxg7 {Hoping for c7.} Rf5 (47... Kxc6 $11 48. Rf7 (48. Rxh7 Rf5 $17) 48... Rh5) 48. c7 $16 (48. Rxh7 $2 f3 $19) 48... Kb7 49. Rg2 Kxc7 50. Kc2 Kd6 51. Kd3 Ke5 52. Rc2 {aiming for Rc5+.} Rf6 53. Rc5+ Kd6 54. Ra5 {Black must now prevent Ra6+.} Kc7 55. Rc5+ Kd6 56. Rc2 Ke5 $1 57. Re2+ (57. b4 $18) 57... Kd5 $14 58. Rf2 Ke5 59. Rc2 Rd6+ (59... Rh6 $14) 60. Ke2 $16 Rh6 61. Kf3 Rh4 62. Rc5+ Kd4 {[#]} ({Black should try} 62... Kd6 63. Rc2 Kd5) 63. Rb5 $1 Rxh2 64. Kxf4 (64. a4 $142) 64... h5 $2 {[%mdl 8192]} (64... Rg2 $16) 65. Kg3 $18 Rh1 66. Kg2 $2 (66. b3 Kd3 67. a4) 66... Rb1 $2 (66... Ra1 67. Kg3 (67. Rxh5 Kc4 $16) 67... Kc4 68. Rb4+ (68. Rxh5 Rd1 $16) 68... Kc5) 67. a4 {[%cal Ba3a4,Ba4a5,Ba5a6][%mdl 32]} Kc4 $2 {[#]} (67... Ra1 68. b3 (68. Rxh5 Ra2 $11) 68... Kc3) 68. b3+ $1 {[%cal Bb2b3,Bb3b4,Bb4b5][%mdl 544]} Kc3 (68... Rxb3 69. Rxb3) 69. a5 Re1 70. Rb6 Re8 71. a6 Kd4 72. b4 Kd5 73. b5 {White mates.} Re2+ 74. Kf3 Ra2 75. Rb7 h4 {[#]} 76. Kg4 $1 {[%cal Rg4h4]} Ra4+ 77. Kh3 Kc5 78. a7 {Accuracy: White = 55%, Black = 37%.} 1-0

[Event "Lichtenrader Herbst 2019"]
[Site "Berlin"]
[Date "2019.10.17"]
[Round "6.8"]
[White "Krefenstein, Sergej"]
[Black "Fuchs, Dominik"]
[Result "1-0"]
[WhiteElo "2139"]
[BlackElo "1939"]
[Annotator "NA"]
[PlyCount "63"]
[EventDate "2019.10.12"]
[EventType "swiss"]
[EventCountry "GER"]
[SourceTitle "playchess.com"]
[Source "ChessBase"]
[SourceQuality "1"]
[TimeControl "40/5400+30:1800+30"]

1. e4 {[%emt 0:00:00]} e5 {[%emt 0:01:43]} 2. Nf3 {[%emt 0:01:20]} Nc6 {[%emt 0:00:07]} 3. Bc4 {[%emt 0:00:06]} Bc5 {[%emt 0:00:08]} 4. c3 {[%emt 0:00:09]} Nf6 {[%emt 0:00:05]} 5. d3 {[%emt 0:00:08]} a6 {[%emt 0:00:19]} 6. Bb3 {[%emt 0:00:50]} Ba7 {[%emt 0:00:06]} 7. Nbd2 {[%emt 0:00:56]} O-O {[%emt 0:00:37]} 8. h3 {[%emt 0:00:59]} d6 {[%emt 0:00:51]} 9. Nf1 {[%emt 0:00:42]} d5 {[%emt 0:02:23]} 10. Qe2 {[%emt 0:02:18]} h6 {[%emt 0:06:43]} 11. g4 {[%emt 0:01:03]} dxe4 {[%emt 0:16:17]} 12. dxe4 {[%emt 0:00:21]} Be6 {[%emt 0:00:38]} 13. g5 {[%emt 0:10:59]} Nh5 {[%emt 0:01:03]} 14. gxh6 {[%emt 0:01:55]} g6 {[%emt 0:01:04]} 15. Bg5 {[%emt 0:10:38]} Qd7 {[%emt 0:04:04]} 16. Rd1 {[%emt 0:00:47]} Qe8 {[%emt 0:00:05]} 17. h4 {[%emt 0:09:55]} Bxb3 {[%emt 0:06:16]} 18. axb3 {[%emt 0:00:09]} f5 {[%emt 0:01:00]} 19. Ng3 {[%emt 0:09:11]} fxe4 {[%emt 0:30:10]} 20. Qxe4 {[%emt 0:03:31]} Nf6 {[%emt 0:03:28]} 21. Qc4+ {[%emt 0:18:31]} Qf7 {[%emt 0:00:14]} 22. Bxf6 {[%emt 0:06:55]} Qxc4 {[%emt 0:00:08]} 23. h7+ {[%emt 0:00:13]} Kxh7 {[%emt 0:03:59]} 24. bxc4 {[%emt 0:01:03]} Rxf6 {[%emt 0:00:26]} 25. Ng5+ {[%emt 0:00:16]} Kg8 {[%emt 0:10:08]} 26. N3e4 {[%emt 0:00:18]} Rff8 {[%emt 0:00:09]} 27. Rd7 {[%emt 0:01:37]} Rae8 {[%emt 0:00:07]} 28. Rxc7 {[%emt 0:02:15]} Re7 {[%emt 0:00:14]} 29. Rxe7 {[%emt 0:00:28]} Nxe7 {[%emt 0:00:05]} 30. Ke2 {[%emt 0:01:06]} Rb8 {[%emt 0:09:09]} 31. Rd1 {[%emt 0:01:37]} Nf5 {[%emt 0:00:18]} 32. Rd7 {[%emt 0:00:31]} 1-0

[Event "Lichtenrader Herbst 2019"]
[Site "Berlin"]
[Date "2019.10.18"]
[Round "7.1"]
[White "Starostits, Ilmars"]
[Black "Kovalev, Andrei"]
[Result "1/2-1/2"]
[WhiteElo "2479"]
[BlackElo "2511"]
[Annotator "ChessBase"]
[PlyCount "45"]
[EventDate "2019.10.12"]
[EventType "swiss"]
[EventCountry "GER"]
[SourceTitle "playchess.com"]
[Source "ChessBase"]
[SourceQuality "1"]
[TimeControl "40/5400+30:1800+30"]

1. e4 {[%emt 0:00:00]} c5 {[%emt 0:00:24]} 2. c3 {[%emt 0:00:22]} Nf6 {[%emt 0:10:14]} 3. e5 {[%emt 0:00:07]} Nd5 {[%emt 0:00:10]} 4. d4 {[%emt 0:00:27]} cxd4 {[%emt 0:01:26]} 5. Nf3 {[%emt 0:01:13]} Nc6 {[%emt 0:01:56]} 6. cxd4 {[%emt 0:01:50]} d6 {[%emt 0:01:25]} 7. Bc4 {[%emt 0:02:41]} Nb6 {[%emt 0:03:05]} 8. Bb5 {[%emt 0:00:07]} dxe5 {[%emt 0:02:00]} 9. Nxe5 {[%emt 0:02:31]} Bd7 {[%emt 0:00:29]} 10. Nc3 {[%emt 0:06:34]} Nxe5 {[%emt 0:04:06]} 11. dxe5 {[%emt 0:00:50]} Bxb5 {[%emt 0:00:24]} 12. Nxb5 {[%emt 0:01:02]} Qxd1+ {[%emt 0:01:26]} 13. Kxd1 {[%emt 0:00:05]} Nd5 {[%emt 0:00:37]} 14. Bd2 {[%emt 0:02:42]} a6 {[%emt 0:00:30]} 15. Nc3 {[%emt 0:00:05]} O-O-O {[%emt 0:01:42]} 16. Rc1 {[%emt 0:01:21]} Kb8 {[%emt 0:01:25]} 17. Ke2 {[%emt 0:01:01]} e6 {[%emt 0:00:30]} 18. Nxd5 {[%emt 0:00:12]} Rxd5 {[%emt 0:00:11]} 19. Be3 {[%emt 0:01:44]} Be7 {[%emt 0:00:45]} 20. Rhd1 {[%emt 0:00:09]} Rxd1 {[%emt 0:00:33]} 21. Rxd1 {[%emt 0:00:03]} Rd8 {[%emt 0:00:11]} 22. Rxd8+ {[%emt 0:00:14]} Bxd8 {[%emt 0:00:06]} 23. Kd3 {[%emt 0:00:05]} 1/2-1/2

[Event "Lichtenrader Herbst 2019"]
[Site "Berlin"]
[Date "2019.10.18"]
[Round "7.2"]
[White "Noetzel, Felix"]
[Black "Shishkin, Vadim"]
[Result "1-0"]
[WhiteElo "2233"]
[BlackElo "2428"]
[Annotator "RC"]
[PlyCount "113"]
[EventDate "2019.10.12"]
[EventType "swiss"]
[EventCountry "GER"]
[SourceTitle "playchess.com"]
[Source "ChessBase"]
[SourceQuality "1"]
[TimeControl "40/5400+30:1800+30"]

1. e4 {[%emt 0:08:50]} c5 {[%emt 0:00:00]} 2. Nf3 {[%emt 0:00:10]} Nc6 {[%emt 0:00:00]} 3. d4 {[%emt 0:00:06]} cxd4 {[%emt 0:00:10]} 4. Nxd4 {[%emt 0:00:05]} Nf6 {[%emt 0:00:10]} 5. Nc3 {[%emt 0:00:20]} d6 {[%emt 0:00:03]} 6. f3 {[%emt 0:01:18]} e6 {[%emt 0:04:22]} 7. Be3 {[%emt 0:00:20]} Be7 {[%emt 0:00:07]} 8. Qd2 {[%emt 0:00:19]} a6 {[%emt 0:00:32]} 9. O-O-O {[%emt 0:01:33]} O-O {[%emt 0:03:12]} 10. g4 {[%emt 0:01:52]} Nxd4 {[%emt 0:00:57]} 11. Bxd4 {[%emt 0:01:54]} Nd7 {[%emt 0:00:43]} 12. Kb1 {[%emt 0:04:31]} b5 {[%emt 0:00:10]} 13. h4 {[%emt 0:09:28]} Bb7 {[%emt 0:06:30]} 14. g5 {[%emt 0:04:10]} Qc7 {[%emt 0:11:01]} 15. h5 {[%emt 0:10:19]} b4 {[%emt 0:00:40]} 16. Ne2 {[%emt 0:04:54]} Ne5 {[%emt 0:09:10]} 17. Bxe5 {[%emt 0:04:49]} dxe5 {[%emt 0:00:04]} 18. Nc1 {[%emt 0:00:18]} a5 {[%emt 0:18:17]} 19. Bh3 {[%emt 0:10:38]} Ra6 {[%emt 0:07:54]} 20. g6 {[%emt 0:13:40]} Rd6 {[%emt 0:07:55]} 21. gxf7+ {[%emt 0:01:50]} Rxf7 {[%emt 0:00:16]} 22. Qe3 {[%emt 0:03:12]} Ba6 {[%emt 0:13:04]} 23. Bg4 {[%emt 0:05:46]} h6 {[%emt 0:04:25]} 24. Rxd6 {[%emt 0:00:34]} Qxd6 {[%emt 0:00:10]} 25. Qb3 {[%emt 0:00:27]} Rf6 {[%emt 0:05:50]} 26. Qa4 {[%emt 0:03:05]} Bd8 {[%emt 0:01:37]} 27. Nb3 {[%emt 0:01:27]} Be2 {[%emt 0:01:01]} 28. Nxa5 {[%emt 0:02:22]} Bxf3 {[%emt 0:01:51]} 29. Bxf3 {[%emt 0:00:39]} Rxf3 {[%emt 0:00:01]} 30. Nb7 {[%emt 0:01:43]} Qf8 {[%emt 0:01:28]} 31. Qa6 {[%emt 0:01:27]} Bg5 {[%emt 0:01:20]} 32. Qxe6+ {[%emt 0:01:08]} Kh8 {[%emt 0:00:08]} 33. Qc4 {[%emt 0:00:16]} Be3 {[%emt 0:01:42]} 34. Rd1 {[%emt 0:01:08]} Bd4 {[%emt 0:00:46]} 35. Na5 {[%emt 0:01:12]} Qf4 {[%emt 0:00:27]} 36. Nb3 {[%emt 0:01:28]} Re3 {[%emt 0:01:15]} 37. Nxd4 {[%emt 0:00:34]} exd4 {[%emt 0:00:09]} 38. Qxb4 {[%emt 0:00:30]} Rxe4 {[%emt 0:00:19]} 39. Qc4 {[%emt 0:00:33]} Qg4 {[%emt 0:00:36]} 40. Rf1 {[%emt 0:00:24]} Rf4 {[%emt 0:00:48]} 41. a4 {[%emt 0:08:39]} Rxf1+ {[%emt 0:00:10]} 42. Qxf1 {[%emt 0:00:06]} Qxh5 {[%emt 0:00:03]} 43. b4 {[%emt 0:01:58]} Qg4 {[%emt 0:11:57]} 44. Qc4 {[%emt 0:07:57]} h5 {[%emt 0:01:12]} 45. a5 {[%emt 0:00:12]} d3 {[%emt 0:07:22]} 46. cxd3 {[%emt 0:00:49]} Qg3 {[%emt 0:01:53]} 47. a6 {[%emt 0:05:17]} h4 {[%emt 0:00:07]} 48. Qd4 {[%emt 0:02:15]} Qe1+ {[%emt 0:01:32]} 49. Kb2 {[%emt 0:00:21]} Qd2+ {[%emt 0:01:29]} 50. Ka3 {[%emt 0:00:55]} Qc1+ {[%emt 0:00:08]} 51. Ka4 {[%emt 0:00:16]} Qc6+ {[%emt 0:03:16]} 52. b5 {[%emt 0:01:28]} Qc2+ {[%emt 0:00:08]} 53. Kb4 {[%emt 0:00:56]} Qd2+ {[%emt 0:00:46]} 54. Kc5 {[%emt 0:00:38]} Qg5+ {[%emt 0:00:46]} 55. Kb6 {[%emt 0:00:59]} Qg6+ {[%emt 0:00:55]} 56. Ka5 {[%emt 0:00:21]} h3 {[%emt 0:00:33]} 57. a7 {[%emt 0:01:33]} 1-0

[Event "Lichtenrader Herbst 2019"]
[Site "Berlin"]
[Date "2019.10.18"]
[Round "7.3"]
[White "Krefenstein, Sergej"]
[Black "Holinka, Henning"]
[Result "1/2-1/2"]
[WhiteElo "2139"]
[BlackElo "2101"]
[Annotator "NA"]
[PlyCount "48"]
[EventDate "2019.10.12"]
[EventType "swiss"]
[EventCountry "GER"]
[SourceTitle "playchess.com"]
[Source "ChessBase"]
[SourceQuality "1"]
[TimeControl "40/5400+30:1800+30"]

1. e4 {[%emt 0:00:00]} g6 {[%emt 0:00:00]} 2. d4 {[%emt 0:00:00]} Bg7 {[%emt 0:00:00]} 3. Nc3 {[%emt 0:00:00]} d6 {[%emt 0:00:00]} 4. f4 {[%emt 0:00:00]} a6 {[%emt 0:00:00]} 5. Nf3 {[%emt 0:00:11]} b5 {[%emt 0:00:00]} 6. Bd3 {[%emt 0:00:14]} Nd7 {[%emt 0:00:06]} 7. a4 {[%emt 0:00:34]} c5 {[%emt 0:02:50]} 8. axb5 {[%emt 0:01:04]} cxd4 {[%emt 0:00:35]} 9. Nd5 {[%emt 0:03:32]} Ngf6 {[%emt 0:05:25]} 10. Nxf6+ {[%emt 0:13:42]} Bxf6 {[%emt 0:00:11]} 11. bxa6 {[%emt 0:00:16]} Qb6 {[%emt 0:04:13]} 12. Qe2 {[%emt 0:03:29]} O-O {[%emt 0:08:47]} 13. b4 {[%emt 0:08:10]} Qxb4+ {[%emt 0:06:09]} 14. Bd2 {[%emt 0:00:06]} Qb6 {[%emt 0:01:21]} 15. e5 {[%emt 0:06:09]} dxe5 {[%emt 0:00:59]} 16. fxe5 {[%emt 0:00:10]} Bg7 {[%emt 0:01:26]} 17. O-O {[%emt 0:09:46]} Bxa6 {[%emt 0:04:08]} 18. Rxa6 {[%emt 0:05:59]} Rxa6 {[%emt 0:00:12]} 19. Bxa6 {[%emt 0:00:07]} d3+ {[%emt 0:00:23]} 20. Qe3 {[%emt 0:00:13]} Qxa6 {[%emt 0:00:24]} 21. cxd3 {[%emt 0:00:15]} Rb8 {[%emt 0:17:19]} 22. d4 {[%emt 0:02:57]} Qa2 {[%emt 0:03:43]} 23. Qg5 {[%emt 0:12:35]} f6 {[%emt 0:01:45]} 24. Qg4 {[%emt 0:01:01]} Nf8 {[%emt 0:01:21]} 1/2-1/2